000
00308nam a2200121 a 4500
005
20140414131902.0
008
100920s19uu xx 00 eng d
050
_a
FIC
_b
D28 1999
245
_a
Bonjour, babies!.
260
_a
New York :
_b
Nickelodeon.
440
_a
Rugrats chapter book, #4
999
_c
110705
_d
110705